| 000 | 00499nam a22001937a 4500 | ||
|---|---|---|---|
| 005 | 20190821114329.0 | ||
| 008 | 190821b xxu||||| |||| 00| 0 eng d | ||
| 020 |
_a9788170285076 _cRs. 250.00 |
||
| 040 | _aLoreto College | ||
| 041 | _aHindi | ||
| 082 |
_a891.43 _bSHA |
||
| 100 | _aSharma, Harivansh Rai | ||
| 245 |
_aRajpal Muhawra Kosh _cHarivansh Rai Sharma |
||
| 260 |
_aDelhi _bRajpal _c2017 |
||
| 300 |
_a332 p. _b24 cm. |
||
| 650 | _aHindi Language | ||
| 850 | _aLCLIB | ||
| 942 | _cBK | ||
| 999 |
_c42374 _d92853 |
||